<?xml version="1.0" encoding="UTF-8"?>
<record
    xmlns:xsi="http://www.w3.org/2001/XMLSchema-instance"
    xsi:schemaLocation="http://www.loc.gov/MARC21/slim http://www.loc.gov/standards/marcxml/schema/MARC21slim.xsd"
    xmlns="http://www.loc.gov/MARC21/slim">

  <leader>01757nas1a22002771i 4500</leader>
  <controlfield tag="001">RU\NLR\INFOCOMM9\5000117127</controlfield>
  <controlfield tag="005">20260407091321.0</controlfield>
  <datafield tag="035" ind1=" " ind2=" ">
    <subfield code="a">(NLR Aleph) 002299156</subfield>
  </datafield>
  <datafield tag="090" ind1=" " ind2=" ">
    <subfield code="a">4208990</subfield>
    <subfield code="c">4208990</subfield>
  </datafield>
  <datafield tag="100" ind1=" " ind2=" ">
    <subfield code="a">20051010a20009999|||y0rusy50      ca</subfield>
  </datafield>
  <datafield tag="101" ind1="0" ind2=" ">
    <subfield code="a">rus</subfield>
  </datafield>
  <datafield tag="102" ind1=" " ind2=" ">
    <subfield code="a">RU</subfield>
  </datafield>
  <datafield tag="110" ind1=" " ind2=" ">
    <subfield code="a">zyuzz  0|y|</subfield>
  </datafield>
  <datafield tag="200" ind1="1" ind2=" ">
    <subfield code="a">&#x421;&#x442;&#x43E;&#x43B;&#x43F;&#x43E;&#x442;&#x432;&#x43E;&#x440;&#x435;&#x43D;&#x438;&#x435;</subfield>
    <subfield code="e">&#x41D;&#x430;&#x443;&#x447;. -&#x445;&#x443;&#x434;&#x43E;&#x436;. &#x43F;&#x440;&#x438;&#x43B;. &#x43A; &#x436;&#x443;&#x440;&#x43D;. &#x421;&#x41F;&#x420; "&#x41C;&#x438;&#x440; &#x43F;&#x435;&#x440;&#x435;&#x432;&#x43E;&#x434;&#x430;"</subfield>
    <subfield code="f">&#x421;&#x435;&#x43A;&#x446;&#x438;&#x44F; &#x445;&#x443;&#x434;&#x43E;&#x436;. &#x43F;&#x435;&#x440;. &#x421;&#x41F;&#x420;. &#x421;&#x43E;&#x44E;&#x437; &#x43F;&#x435;&#x440;&#x435;&#x432;&#x43E;&#x434;&#x447;&#x438;&#x43A;&#x43E;&#x432; &#x420;&#x43E;&#x441;&#x441;&#x438;&#x438;, &#x426;&#x435;&#x43D;&#x442;&#x440; &#x43F;&#x435;&#x440;. &#x43F;&#x440;&#x438; &#x41C;&#x413;&#x41B;&#x423;</subfield>
  </datafield>
  <datafield tag="210" ind1=" " ind2=" ">
    <subfield code="a">&#x41C;.</subfield>
    <subfield code="c">&#x412;&#x410;&#x413;&#x420;&#x418;&#x423;&#x421;</subfield>
    <subfield code="d">2000 -</subfield>
  </datafield>
  <datafield tag="422" ind1=" " ind2="0">
    <subfield code="1">2001#$a&#x41C;&#x438;&#x440; &#x43F;&#x435;&#x440;&#x435;&#x432;&#x43E;&#x434;&#x430;</subfield>
    <subfield code="t">&#x41C;&#x438;&#x440; &#x43F;&#x435;&#x440;&#x435;&#x432;&#x43E;&#x434;&#x430;</subfield>
  </datafield>
  <datafield tag="712" ind1="0" ind2="2">
    <subfield code="4">570</subfield>
    <subfield code="a">&#x421;&#x43E;&#x44E;&#x437; &#x43F;&#x435;&#x440;&#x435;&#x432;&#x43E;&#x434;&#x447;&#x438;&#x43A;&#x43E;&#x432; &#x420;&#x43E;&#x441;&#x441;&#x438;&#x438;</subfield>
    <subfield code="b">&#x421;&#x435;&#x43A;&#x446;&#x438;&#x44F; &#x445;&#x443;&#x434;&#x43E;&#x436;&#x435;&#x441;&#x442;&#x432;&#x435;&#x43D;&#x43D;&#x43E;&#x433;&#x43E; &#x43F;&#x435;&#x440;&#x435;&#x432;&#x43E;&#x434;&#x430;</subfield>
    <subfield code="3">RU\NLR\AUTH\8810048948</subfield>
    <subfield code="9">597957</subfield>
  </datafield>
  <datafield tag="801" ind1=" " ind2="1">
    <subfield code="a">RU</subfield>
    <subfield code="b">InfoComm</subfield>
    <subfield code="c">20051010</subfield>
  </datafield>
  <datafield tag="801" ind1=" " ind2="0">
    <subfield code="a">RU</subfield>
    <subfield code="b">NLR</subfield>
    <subfield code="g">PSBO</subfield>
  </datafield>
  <datafield tag="852" ind1=" " ind2=" ">
    <subfield code="a">NLR</subfield>
    <subfield code="j">&#x41F;34/1604</subfield>
  </datafield>
  <datafield tag="942" ind1=" " ind2=" ">
    <subfield code="c">SE</subfield>
  </datafield>
  <datafield tag="980" ind1=" " ind2=" ">
    <subfield code="a">RUSPER</subfield>
  </datafield>
</record>
